000
00276nam a2200097Ia 4500
001
1299406
005
20260417170344.0
008
260417s9999 xx 000 0 und d
245
0
_a
TÜRKİYE'Yİ GEZİYORUM 5 LEVENT VAN'DA
_c
MUSTAFA ORAKÇI
260
_b
TİMAŞ ÇOCUK YAYINLARI
999
_c
1299406
_d
1299406